[Event "4NCL 2021-22"]
[Site "England"]
[Date "2022.02.12"]
[Round "3.30"]
[White "Sowray, Peter J"]
[Black "Yao, Lan"]
[Result "1-0"]
[WhiteElo "2226"]
[BlackElo "2297"]
[Annotator "ChessBase"]
[PlyCount "91"]
[EventDate "2021.11.27"]
[EventType "team-tourn"]
[EventCountry "ENG"]
[SourceTitle "playchess.com"]
[Source "ChessBase"]
[SourceQuality "1"]
[TimeControl "40/6000+30:3000+30"]

1. d4 {[%emt 0:00:04]} Nf6 {[%emt 0:00:06]} 2. c4 {[%emt 0:00:13]} e6 {[%emt 0:00:08]} 3. Nc3 {[%emt 0:00:08]} Bb4 {[%emt 0:00:11]} 4. a3 {[%emt 0:00:09]} Bxc3+ {[%emt 0:00:07]} 5. bxc3 {[%emt 0:00:09]} d5 {[%emt 0:00:06]} 6. e3 {[%emt 0:03:18]} O-O {[%emt 0:00:13]} 7. cxd5 {[%emt 0:00:25]} exd5 {[%emt 0:00:11]} 8. Bd3 {[%emt 0:00:43]} c5 {[%emt 0:00:27]} 9. Ne2 {[%emt 0:01:54]} b6 {[%emt 0:00:23]} 10. O-O {[%emt 0:02:40]} Ba6 {[%emt 0:00:58]} 11. Bxa6 {[%emt 0:01:53]} Nxa6 {[%emt 0:00:02]} 12. Qd3 {[%emt 0:02:49]} Nb8 {[%emt 0:00:08]} 13. f3 {[%emt 0:01:04]} Re8 {[%emt 0:09:09]} 14. Ng3 {[%emt 0:03:45]} Nc6 {[%emt 0:00:14]} 15. Bb2 {[%emt 0:03:24]} c4 {[%emt 0:02:43]} 16. Qe2 {[%emt 0:03:09]} b5 {[%emt 0:09:27]} 17. e4 {[%emt 0:06:00]} Qb6 {[%emt 0:02:29]} 18. Qf2 {[%emt 0:08:54]} Ne7 {[%emt 0:02:47]} 19. Rae1 {[%emt 0:09:53]} a5 {[%emt 0:10:00]} 20. e5 {[%emt 0:06:13]} Nd7 {[%emt 0:00:09]} 21. f4 {[%emt 0:00:08]} f5 {[%emt 0:01:18]} 22. exf6 {[%emt 0:02:55]} Qxf6 {[%emt 0:09:23]} 23. f5 {[%emt 0:01:48]} Ra6 {[%emt 0:17:53]} 24. Bc1 {[%emt 0:09:09]} b4 {[%emt 0:07:22]} 25. cxb4 {[%emt 0:17:47]} axb4 {[%emt 0:00:16]} 26. axb4 {[%emt 0:00:02]} Rb8 {[%emt 0:07:57]} 27. Bf4 {[%emt 0:06:30]} Rxb4 {[%emt 0:05:42]} 28. Qe3 {[%emt 0:02:22]} Nc6 {[%emt 0:06:30]} 29. Qe8+ {[%emt 0:00:58]} Nf8 {[%emt 0:00:08]} 30. Re6 {[%emt 0:00:52]} Qf7 {[%emt 0:04:17]} 31. Bd6 {[%emt 0:02:29]} Rba4 {[%emt 0:03:49]} 32. f6 {[%emt 0:04:18]} Ra8 {[%emt 0:07:33]} 33. Qxf7+ {[%emt 0:01:47]} Kxf7 {[%emt 0:00:02]} 34. fxg7+ {[%emt 0:00:12]} Kxg7 {[%emt 0:00:54]} 35. Bxf8+ {[%emt 0:01:31]} Rxf8 {[%emt 0:00:06]} 36. Rxf8 {[%emt 0:00:59]} Kxf8 {[%emt 0:02:44]} 37. Rxc6 {[%emt 0:00:10]} Ra2 {[%emt 0:00:22]} 38. Kf1 {[%emt 0:01:43]} Rd2 {[%emt 0:00:50]} 39. Ne2 {[%emt 0:00:21]} Ke7 {[%emt 0:00:38]} 40. Rh6 {[%emt 0:01:34]} Rd3 {[%emt 0:01:39]} 41. Rxh7+ {[%emt 0:51:02]} Kd6 {[%emt 0:50:14]} 42. Rh6+ {[%emt 0:01:18]} Kd7 {[%emt 0:00:04]} 43. Ke1 {[%emt 0:01:42]} Re3 {[%emt 0:00:25]} 44. Kd2 {[%emt 0:02:02]} Rd3+ {[%emt 0:00:08]} 45. Kc2 {[%emt 0:00:09]} Ke7 {[%emt 0:00:21]} 46. Rh3 {[%emt 0:01:32]} 1-0

[Event "4NCL 2021-22"]
[Site "England"]
[Date "2022.02.12"]
[Round "3.31"]
[White "Royal, Shreyas"]
[Black "French, Max"]
[Result "1/2-1/2"]
[WhiteElo "2272"]
[BlackElo "2246"]
[Annotator "ChessBase"]
[PlyCount "82"]
[EventDate "2021.11.27"]
[EventType "team-tourn"]
[EventCountry "ENG"]
[SourceTitle "playchess.com"]
[Source "ChessBase"]
[SourceQuality "1"]
[TimeControl "40/6000+30:3000+30"]

1. d4 {[%emt 0:00:26]} d5 {[%emt 0:00:49]} 2. c4 {[%emt 0:00:06]} e6 {[%emt 0:00:09]} 3. Nf3 {[%emt 0:00:06]} Nf6 {[%emt 0:00:43]} 4. g3 {[%emt 0:00:09]} Bb4+ {[%emt 0:00:52]} 5. Bd2 {[%emt 0:00:32]} Bd6 {[%emt 0:00:17]} 6. Nc3 {[%emt 0:04:10]} c6 {[%emt 0:02:43]} 7. Qc2 {[%emt 0:02:14]} Nbd7 {[%emt 0:02:37]} 8. e4 {[%emt 0:02:45]} dxe4 {[%emt 0:07:56]} 9. Nxe4 {[%emt 0:00:15]} Nxe4 {[%emt 0:01:26]} 10. Qxe4 {[%emt 0:00:08]} Nf6 {[%emt 0:04:59]} 11. Qc2 {[%emt 0:03:52]} Qc7 {[%emt 0:11:04]} 12. O-O-O {[%emt 0:16:58]} Bd7 {[%emt 0:08:07]} 13. Bg2 {[%emt 0:23:00]} O-O {[%emt 0:05:50]} 14. Rhe1 {[%emt 0:03:02]} Rad8 {[%emt 0:12:55]} 15. Ne5 {[%emt 0:10:18]} c5 {[%emt 0:13:56]} 16. Nxd7 {[%emt 0:01:13]} Rxd7 {[%emt 0:03:05]} 17. d5 {[%emt 0:00:23]} exd5 {[%emt 0:02:25]} 18. cxd5 {[%emt 0:02:43]} Be5 {[%emt 0:13:25]} 19. f4 {[%emt 0:08:50]} Bd4 {[%emt 0:00:00]} 20. Be3 {[%emt 0:00:27]} Bxe3+ {[%emt 0:00:00]} 21. Rxe3 {[%emt 0:00:07]} b5 {[%emt 0:00:13]} 22. Qf5 {[%emt 0:07:08]} c4 {[%emt 0:02:33]} 23. g4 {[%emt 0:01:16]} Qc5 {[%emt 0:04:51]} 24. Re2 {[%emt 0:07:48]} Rd6 {[%emt 0:01:18]} 25. g5 {[%emt 0:00:06]} g6 {[%emt 0:01:50]} 26. Qe5 {[%emt 0:00:53]} Re8 {[%emt 0:03:15]} 27. Qd4 {[%emt 0:01:29]} Qxd4 {[%emt 0:00:04]} 28. Rxe8+ {[%emt 0:00:04]} Nxe8 {[%emt 0:00:05]} 29. Rxd4 {[%emt 0:00:03]} Nc7 {[%emt 0:00:50]} 30. a4 {[%emt 0:01:00]} a6 {[%emt 0:01:46]} 31. Kc2 {[%emt 0:02:31]} bxa4 {[%emt 0:01:07]} 32. Rxc4 {[%emt 0:00:11]} Nxd5 {[%emt 0:01:23]} 33. Bxd5 {[%emt 0:00:07]} Rxd5 {[%emt 0:00:03]} 34. Rxa4 {[%emt 0:00:17]} a5 {[%emt 0:00:40]} 35. Kc3 {[%emt 0:00:38]} h6 {[%emt 0:02:04]} 36. Rd4 {[%emt 0:02:57]} Rc5+ {[%emt 0:00:45]} 37. Rc4 {[%emt 0:00:12]} Rf5 {[%emt 0:00:25]} 38. h4 {[%emt 0:01:32]} hxg5 {[%emt 0:00:05]} 39. hxg5 {[%emt 0:00:14]} Kf8 {[%emt 0:00:45]} 40. b4 {[%emt 0:00:52]} axb4+ {[%emt 0:00:06]} 41. Rxb4 {[%emt 0:50:08]} Ke7 {[%emt 0:50:25]} 1/2-1/2

[Event "4NCL 2021-22"]
[Site "England"]
[Date "2022.02.12"]
[Round "3.32"]
[White "Ratnesan, Radha"]
[Black "Horton, Jamie A"]
[Result "1/2-1/2"]
[WhiteElo "1623"]
[BlackElo "2275"]
[Annotator "ChessBase"]
[PlyCount "81"]
[EventDate "2021.11.27"]
[EventType "team-tourn"]
[EventCountry "ENG"]
[SourceTitle "playchess.com"]
[Source "ChessBase"]
[SourceQuality "1"]
[TimeControl "40/6000+30:3000+30"]

1. d4 {[%emt 0:00:03]} Nf6 {[%emt 0:00:43]} 2. c4 {[%emt 0:00:08]} e6 {[%emt 0:00:37]} 3. Nf3 {[%emt 0:00:30]} d5 {[%emt 0:00:26]} 4. Bg5 {[%emt 0:04:47]} Be7 {[%emt 0:01:03]} 5. e3 {[%emt 0:00:58]} O-O {[%emt 0:00:35]} 6. Nc3 {[%emt 0:01:41]} h6 {[%emt 0:00:24]} 7. Bh4 {[%emt 0:01:36]} b6 {[%emt 0:01:19]} 8. cxd5 {[%emt 0:04:53]} Nxd5 {[%emt 0:03:20]} 9. Bxe7 {[%emt 0:02:21]} Qxe7 {[%emt 0:00:57]} 10. Nxd5 {[%emt 0:09:26]} exd5 {[%emt 0:00:03]} 11. Bd3 {[%emt 0:03:23]} Be6 {[%emt 0:08:18]} 12. O-O {[%emt 0:02:07]} c5 {[%emt 0:10:16]} 13. a4 {[%emt 0:20:18]} Nd7 {[%emt 0:20:19]} 14. Qd2 {[%emt 0:15:21]} Rfc8 {[%emt 0:14:25]} 15. Rfc1 {[%emt 0:07:24]} c4 {[%emt 0:27:58]} 16. Bc2 {[%emt 0:06:49]} a6 {[%emt 0:09:54]} 17. e4 {[%emt 0:07:23]} dxe4 {[%emt 0:02:11]} 18. Bxe4 {[%emt 0:00:31]} Rab8 {[%emt 0:00:15]} 19. d5 {[%emt 0:05:39]} Bg4 {[%emt 0:01:44]} 20. Re1 {[%emt 0:03:51]} Qd6 {[%emt 0:00:19]} 21. h3 {[%emt 0:01:45]} Bxf3 {[%emt 0:00:56]} 22. Bxf3 {[%emt 0:00:15]} Rd8 {[%emt 0:02:04]} 23. Qd4 {[%emt 0:02:48]} Rbc8 {[%emt 0:01:56]} 24. Rec1 {[%emt 0:01:32]} Qc5 {[%emt 0:01:21]} 25. Qxc5 {[%emt 0:02:09]} Rxc5 {[%emt 0:00:09]} 26. Rd1 {[%emt 0:01:05]} Nf6 {[%emt 0:00:59]} 27. d6 {[%emt 0:00:21]} Ne8 {[%emt 0:00:55]} 28. d7 {[%emt 0:00:58]} Nf6 {[%emt 0:00:17]} 29. Bb7 {[%emt 0:00:41]} Rxd7 {[%emt 0:00:28]} 30. Rxd7 {[%emt 0:01:47]} Nxd7 {[%emt 0:00:00]} 31. Bxa6 {[%emt 0:00:08]} Ne5 {[%emt 0:01:16]} 32. Rd1 {[%emt 0:02:03]} c3 {[%emt 0:00:31]} 33. bxc3 {[%emt 0:00:10]} Rxc3 {[%emt 0:00:01]} 34. Bb5 {[%emt 0:01:37]} Rc7 {[%emt 0:00:57]} 35. Rd6 {[%emt 0:00:00]} Rb7 {[%emt 0:00:31]} 36. f4 {[%emt 0:00:23]} Ng6 {[%emt 0:00:08]} 37. Bd3 {[%emt 0:00:25]} Nf8 {[%emt 0:00:50]} 38. Rd8 {[%emt 0:00:53]} g6 {[%emt 0:00:28]} 39. Bb5 {[%emt 0:01:03]} Kg7 {[%emt 0:00:18]} 40. Bc6 {[%emt 0:00:43]} Rc7 {[%emt 0:00:39]} 41. Bb5 {[%emt 0:05:52]} 1/2-1/2

[Event "4NCL 2021-22"]
[Site "England"]
[Date "2022.02.12"]
[Round "3.33"]
[White "Jones, Gawain C B"]
[Black "Taylor, Adam A"]
[Result "1-0"]
[WhiteElo "2671"]
[BlackElo "2277"]
[Annotator "TA"]
[PlyCount "65"]
[EventDate "2021.11.27"]
[EventType "team-tourn"]
[EventCountry "ENG"]
[SourceTitle "playchess.com"]
[Source "ChessBase"]
[SourceQuality "1"]

{[%evp 16,65,58,50,40,40,84,64,70,16,12,12,52,54,73,68,65,66,71,77,75,72,110,106,90,103,108,98,104,102,95,115,240,202,203,186,271,266,321,330,320,323,331,324,396,387,455,445,853,843,4802,1151]} 1. e4 {[%cal Be2e4,Be4e5][%mdl 32]} c5 2. Nf3 Nc6 3. c3 e6 4. d4 d5 5. e5 Bd7 6. Be2 Nh6 7. O-O cxd4 {is the legacy move (7...Nf5).} 8. Bxh6 $5 {[%mdl 4] A promising side line.} gxh6 9. cxd4 Bg7 {C02: French: Advance Variation.} 10. Re1 f6 (10... O-O $14) 11. Bb5 O-O {[%cal Oc6e5] White is slightly better.} 12. Nc3 {[#]} (12. exf6 $14 Qxf6 13. Nbd2) 12... Be8 $146 ({Predecessor:} 12... f5 13. Rc1 Qb6 14. Bxc6 Bxc6 15. Na4 Bxa4 16. Qxa4 Rf7 17. Rc2 Bf8 18. Rec1 Qb4 19. Qxb4 Bxb4 {1-0 (45) Honfi,K (2380)-Anka,E (2410) Budapest 1995}) 13. Qd2 Bh5 14. Bxc6 Bxf3 15. Bxb7 {[%cal Bc6b7,Bb7a6,Ba6e2,Be2g4,Bg4e6][%mdl 32]} (15. gxf3 bxc6 16. exf6 Qxf6 $17) 15... Rb8 16. Ba6 {[#] Threatens to win with exf6. White is more active.} ({Don't play} 16. gxf3 Rxb7 17. Na4 fxe5 $11) 16... Bh5 17. Be2 Bg6 18. Bg4 $36 {[%mdl 2048] Black is under strong pressure.} Qb6 19. Na4 Qb4 20. Bxe6+ Kh8 {[#]} 21. Qxb4 Rxb4 22. Bd7 {And now e6 would win.} (22. Bxd5 Rxa4 23. e6 Rxd4 $17) 22... fxe5 23. dxe5 Be8 {A mistake that costs the game.} (23... Re4 $16) 24. Bxe8 Rxe8 25. Nc5 {Hoping for Nd3.} Rxb2 (25... Rxe5 {keeps fighting.} 26. Rxe5 Bxe5) 26. f4 $18 h5 27. Nd3 Rd2 28. Rad1 Rxa2 29. Nb4 Rb2 30. Nxd5 a5 31. e6 {[%cal Be5e6,Be6e7][%mdl 32] White is clearly winning.} Rg8 (31... Rc2 $142 32. f5 Rc6) 32. e7 Bd4+ 33. Kh1 {Weighted Error Value: White=0.08 (flawless) /Black=0.31} ({Stronger than} 33. Rxd4 Rgxg2+ 34. Kh1 Rxh2+ 35. Kg1 Rhg2+ 36. Kh1 Rh2+ 37. Kg1 Rhg2+ 38. Kh1 Rh2+ $11) 1-0

[Event "4NCL 2021-22"]
[Site "England"]
[Date "2022.02.12"]
[Round "3.34"]
[White "Dunn, Andrew"]
[Black "Han, Yichen"]
[Result "1/2-1/2"]
[WhiteElo "2153"]
[BlackElo "2347"]
[Annotator "ChessBase"]
[PlyCount "97"]
[EventDate "2021.11.27"]
[EventType "team-tourn"]
[EventCountry "ENG"]
[SourceTitle "playchess.com"]
[Source "ChessBase"]
[SourceQuality "1"]
[TimeControl "40/6000+30:3000+30"]

1. d4 {[%emt 0:00:04]} d5 {[%emt 0:00:06]} 2. c4 {[%emt 0:00:14]} e6 {[%emt 0:00:17]} 3. Nf3 {[%emt 0:01:25]} a6 {[%emt 0:00:18]} 4. e3 {[%emt 0:08:42]} Nf6 {[%emt 0:02:04]} 5. Be2 {[%emt 0:04:41]} dxc4 {[%emt 0:01:36]} 6. Bxc4 {[%emt 0:00:11]} b5 {[%emt 0:00:20]} 7. Bb3 {[%emt 0:02:58]} Bb7 {[%emt 0:01:14]} 8. O-O {[%emt 0:01:04]} Nbd7 {[%emt 0:01:04]} 9. Qe2 {[%emt 0:03:39]} c5 {[%emt 0:10:06]} 10. Rd1 {[%emt 0:05:28]} Qc7 {[%emt 0:01:39]} 11. a3 {[%emt 0:17:08]} Be7 {[%emt 0:05:19]} 12. Nc3 {[%emt 0:03:49]} O-O {[%emt 0:04:54]} 13. Bd2 {[%emt 0:09:08]} c4 {[%emt 0:15:37]} 14. Bc2 {[%emt 0:00:54]} e5 {[%emt 0:01:01]} 15. dxe5 {[%emt 0:08:49]} Nxe5 {[%emt 0:00:31]} 16. e4 {[%emt 0:04:19]} Bd6 {[%emt 0:01:38]} 17. h3 {[%emt 0:04:18]} Rfe8 {[%emt 0:01:31]} 18. Bg5 {[%emt 0:06:24]} Nxf3+ {[%emt 0:01:57]} 19. Qxf3 {[%emt 0:02:00]} Be5 {[%emt 0:01:39]} 20. Bxf6 {[%emt 0:06:35]} Bxf6 {[%emt 0:00:16]} 21. Qf5 {[%emt 0:00:51]} Re5 {[%emt 0:06:49]} 22. Qd7 {[%emt 0:02:19]} Qc6 {[%emt 0:08:03]} 23. Qxc6 {[%emt 0:01:54]} Bxc6 {[%emt 0:00:05]} 24. f4 {[%emt 0:01:08]} Ree8 {[%emt 0:00:42]} 25. e5 {[%emt 0:00:09]} Be7 {[%emt 0:03:41]} 26. Be4 {[%emt 0:07:33]} Rac8 {[%emt 0:03:39]} 27. Kf2 {[%emt 0:02:15]} f6 {[%emt 0:02:26]} 28. Bd5+ {[%emt 0:04:36]} Bxd5 {[%emt 0:01:21]} 29. Rxd5 {[%emt 0:00:12]} fxe5 {[%emt 0:01:27]} 30. fxe5 {[%emt 0:01:28]} Rf8+ {[%emt 0:02:43]} 31. Ke2 {[%emt 0:00:51]} Rce8 {[%emt 0:01:35]} 32. Ne4 {[%emt 0:00:27]} Bf6 {[%emt 0:02:33]} 33. Nxf6+ {[%emt 0:00:47]} gxf6 {[%emt 0:00:01]} 34. Rad1 {[%emt 0:00:16]} fxe5 {[%emt 0:11:51]} 35. Rd6 {[%emt 0:00:08]} Re7 {[%emt 0:01:57]} 36. Rxa6 {[%emt 0:00:52]} Ref7 {[%emt 0:01:47]} 37. Ke3 {[%emt 0:00:39]} Rf2 {[%emt 0:00:30]} 38. Rd2 {[%emt 0:00:17]} Rxd2 {[%emt 0:00:39]} 39. Kxd2 {[%emt 0:00:03]} Rf2+ {[%emt 0:00:08]} 40. Kc1 {[%emt 0:00:13]} Rf1+ {[%emt 0:10:46]} 41. Kd2 {[%emt 0:51:14]} Rf2+ {[%emt 0:50:10]} 42. Kc1 {[%emt 0:00:05]} e4 {[%emt 0:04:30]} 43. Re6 {[%emt 0:00:00]} Re2 {[%emt 0:00:00]} 44. Re5 {[%emt 0:00:00]} e3 {[%emt 0:00:00]} 45. Rxb5 {[%emt 0:00:00]} Rxg2 {[%emt 0:00:00]} 46. Re5 {[%emt 0:00:00]} e2 {[%emt 0:00:00]} 47. Kd2 {[%emt 0:00:00]} e1=Q+ {[%emt 0:00:00]} 48. Kxe1 {[%emt 0:00:00]} Rxb2 {[%emt 0:00:00]} 49. Rc5 {[%emt 0:00:00]} 1/2-1/2

[Event "4NCL 2021-22"]
[Site "England"]
[Date "2022.02.12"]
[Round "3.35"]
[White "Wells, Peter K"]
[Black "Turner, Max N"]
[Result "1/2-1/2"]
[WhiteElo "2379"]
[BlackElo "2223"]
[Annotator "TA"]
[PlyCount "135"]
[EventDate "2021.11.27"]
[EventType "team-tourn"]
[EventCountry "ENG"]
[SourceTitle "playchess.com"]
[Source "ChessBase"]
[SourceQuality "1"]

{[%evp 21,135,10,29,28,48,49,59,50,62,66,63,80,81,62,57,50,47,58,42,45,57,45,97,81,96,47,106,105,102,47,115,57,54,-1,0,0,0,-38,-35,-45,-50,-49,-58,-150,-144,-326,-337,-330,-7,-429,-149,-382,-152,-137,-139,-152,-20,-21,-11,-11,-11,-96,0,-45,-11,-11,-11,-11,-11,-63,-11,-97,-99,-77,-78,-74,-93,-88,-92,-309,-190,-191,-166,-162,-103,-117,0,0,0,0,0,0,0,0,0,0,0,-18,0,0,0,0,0,0,0,0,-28000,-28000,-28000,-28000,-28000,-28000,-28000,-28000,-28000,-28000]} 1. d4 Nf6 2. c4 e6 3. Nc3 d5 4. cxd5 exd5 5. Bg5 c6 6. e3 Be7 7. Qc2 O-O 8. Bd3 Nbd7 9. Nge2 Re8 10. O-O Nf8 11. f3 N6d7 {11...g6 is becoming the main line.} 12. Bxe7 {D36: Queen's Gambit Declined: Exchange Variation: Main line (5 Bg5 c6 6 Qc2).} (12. Bf4 {feels hotter.} Nb6 13. e4 dxe4 14. fxe4 Bg4 15. h3) 12... Qxe7 13. e4 {[%cal Be3e4,Be4e5][%mdl 32]} Nb6 14. a4 {White is slightly better.} a5 15. e5 $1 Bd7 16. f4 c5 17. Qb3 {[%csl LRb6,LRd5] White is more active.} cxd4 {[#]} 18. Qxb6 $146 ({Predecessor:} 18. Nxd5 Nxd5 19. Qxd5 Red8 20. Qxb7 Rab8 21. Qa7 Qb4 22. Qxd4 Bxa4 23. Qe3 Bb5 24. Bxb5 Qxb5 {½-½ (40) Thomsen,K (2433)-Ivanov,A (2509) ICCF email 2004}) 18... dxc3 19. Nxc3 Bc6 20. Nb5 Qb4 21. Qf2 Bxb5 (21... Re7 $14) 22. Bxb5 $16 Re7 23. Rfd1 (23. Rae1 $16) 23... Rd8 (23... g5 $14) 24. Rac1 $1 Qe4 25. g3 ({White should play} 25. h3 $16) 25... g5 (25... Ne6 $14) 26. Bd3 (26. Rd4 $16 Qg6 27. f5) 26... Qxa4 $14 {[%cal Od8c8]} 27. fxg5 (27. Kh1 $14) 27... Rxe5 28. Rf1 Qd7 29. Qf4 Qe7 30. h4 Ng6 31. Qf2 Re3 32. Bf5 (32. Rce1 $15 d4 33. Bc4) 32... d4 $17 {White must now prevent ...Re2.} 33. Bxg6 $2 (33. Bg4 $17) 33... hxg6 $19 ({Worse is} 33... fxg6 34. Qf4 $17) 34. Qf4 Re4 $2 (34... Qe8 $19 {aiming for ...d3.} 35. Rc7 Rd7 36. Rxd7 Qxd7) 35. Qc7 $2 {[%mdl 8192]} (35. Rc7 $1 $11 {and White has nothing to worry.} Rxf4 36. Rxe7 Rxf1+ 37. Kxf1) 35... Re8 $2 (35... Qxc7 $19 36. Rxc7 d3) 36. Qc4 $2 (36. Qxe7 $17 R8xe7 37. Rcd1) 36... Qe6 $2 (36... d3 $19 {has better winning chances.} 37. Qxd3 Re3) 37. Qxe6 $17 R8xe6 {[%mdl 4096] Endgame KRR-KRR} 38. Rc8+ Kg7 ({Black should try} 38... Re8 $1 $17 {[%cal Re8c8]} 39. Rc7 R4e7 40. Rxe7 Rxe7) 39. Rd8 $11 Re7 40. Kg2 Re2+ 41. Kh3 (41. Rf2 $1 $11) 41... d3 (41... Rxb2 $17 {Threatens to win with ...a4.} 42. Ra1 b6) 42. Rc1 (42. Ra1 $11 {feels stronger.}) 42... Rc2 (42... Rxb2 $5 {[%cal Rd3d2]} 43. Rxd3 Ree2 $17) 43. Ra1 b6 44. Rxd3 Rxb2 45. Rc1 (45. Rd8 $11) 45... Rbe2 ({Better is} 45... Ree2 $15 46. Rc8 Red2) 46. Rc8 (46. Rb1 $11) 46... Re8 $1 $17 47. Rc6 R2e6 48. Rc7 {[#]} R6e7 $1 49. Rc6 Rb8 50. g4 $2 (50. Rb3 $17) 50... b5 51. Ra6 a4 52. h5 gxh5 (52... Rc7 $19 53. Rd2 Re8 54. hxg6 Re6) 53. gxh5 {[#]} Rbe8 (53... b4 $1 $17 {[%cal Rb4b3]} 54. Rxa4 (54. h6+ $2 Kh7 $19) 54... b3) 54. h6+ $11 Kh7 55. Kg4 Rg8 {Hoping for ...Rg6.} 56. Rf3 Rg6 57. Ra8 {Strongly threatening Rf8.} Rg8 {To avoid Rf8} 58. Ra6 Rb8 59. Kh5 b4 60. Rxa4 b3 {And now ...b2 would win.} 61. Rxf7+ Rxf7 62. g6+ Kg8 63. gxf7+ Kxf7 64. Ra1 {Mate.} Rb5+ 65. Kg4 Kg6 66. Rb1 Kxh6 67. Kf4 Kg6 68. Ke4 {[%mdl 32768] Weighted Error Value: White=0.43/Black=0.44. An unexpected result.} 1/2-1/2

[Event "4NCL 2021-22"]
[Site "England"]
[Date "2022.02.12"]
[Round "3.36"]
[White "Henderson, David"]
[Black "Adair, James R"]
[Result "1/2-1/2"]
[WhiteElo "2108"]
[BlackElo "2444"]
[Annotator "TA"]
[PlyCount "40"]
[EventDate "2021.11.27"]
[EventType "team-tourn"]
[EventCountry "ENG"]
[SourceTitle "playchess.com"]
[Source "ChessBase"]
[SourceQuality "1"]

{[%evp 9,40,19,18,0,0,0,0,0,0,0,10,0,-7,-1,0,-14,29,-12,14,13,16,-32,-23,-67,-72,-119,-123,-118,-97,-100,-101,-789,-760]} 1. e4 c6 2. d4 d5 3. e5 c5 4. dxc5 e6 5. a3 Bxc5 6. b4 {B12: Caro-Kann: Advance Variation.} Be7 7. Nf3 a5 8. b5 {The position is equal.} (8. Bb5+ Bd7 9. Bxd7+ Nxd7 10. bxa5 Qxa5+ 11. Nbd2 Qa6 $17) 8... Nd7 9. Be2 f6 10. Bb2 fxe5 11. Nxe5 {[#] Bh5+ is the strong threat.} Bf6 {[#]} 12. f4 $146 ({Predecessor:} 12. Nd3 Bxb2 13. Nxb2 Qf6 14. c3 Ne7 15. O-O O-O 16. Qd2 Nc5 17. Ra2 e5 18. Nd3 {0-1 (46) Mullick,R (2386)-Ivanovic,M (2245) Belgrade 2021}) 12... Qc7 (12... Nh6 $142) 13. b6 (13. Nd2 {should be considered.}) 13... Qxb6 14. Bd4 Qd8 15. Bd3 ({Much worse is} 15. Bb5 Ne7 16. Nd2 O-O $17) (15. c4 $1 $11 {might be stronger.}) 15... Ne7 $15 16. Qe2 (16. Qg4 $11) 16... Bxe5 17. fxe5 {[#]} (17. Bxe5 $142 Nxe5 18. Qxe5) 17... O-O $1 $17 18. Nd2 Nf5 19. Bf2 Qc7 20. Nf3 $2 {[%mdl 8192]} (20. O-O $17) 20... Qc3+ {[%mdl 32768] Weighted Error Value: White=0.63/Black=0.05 (flawless) . An unexpected result.} 1/2-1/2

[Event "4NCL 2021-22"]
[Site "England"]
[Date "2022.02.12"]
[Round "3.37"]
[White "Ashton, Adam G"]
[Black "Dargan, Paul A G"]
[Result "1-0"]
[WhiteElo "2379"]
[BlackElo "2127"]
[Annotator "ChessBase"]
[PlyCount "85"]
[EventDate "2021.11.27"]
[EventType "team-tourn"]
[EventCountry "ENG"]
[SourceTitle "playchess.com"]
[Source "ChessBase"]
[SourceQuality "1"]
[TimeControl "40/6000+30:3000+30"]

1. e4 {[%emt 0:02:06]} d5 {[%emt 0:00:26]} 2. exd5 {[%emt 0:00:07]} Qxd5 {[%emt 0:00:07]} 3. Nf3 {[%emt 0:00:59]} Bg4 {[%emt 0:00:44]} 4. Be2 {[%emt 0:01:50]} Nc6 {[%emt 0:00:18]} 5. h3 {[%emt 0:02:16]} Bxf3 {[%emt 0:00:19]} 6. Bxf3 {[%emt 0:00:12]} Qe6+ {[%emt 0:00:15]} 7. Qe2 {[%emt 0:04:35]} Nd4 {[%emt 0:00:09]} 8. Qxe6 {[%emt 0:00:49]} Nxf3+ {[%emt 0:00:04]} 9. gxf3 {[%emt 0:00:14]} fxe6 {[%emt 0:00:05]} 10. d4 {[%emt 0:06:50]} g6 {[%emt 0:00:28]} 11. Nc3 {[%emt 0:03:26]} Nh6 {[%emt 0:00:59]} 12. Bf4 {[%emt 0:09:58]} Bg7 {[%emt 0:16:45]} 13. O-O-O {[%emt 0:17:51]} O-O {[%emt 0:10:12]} 14. Bxc7 {[%emt 0:02:02]} Rxf3 {[%emt 0:00:27]} 15. Ne4 {[%emt 0:12:22]} Nf5 {[%emt 0:02:20]} 16. Be5 {[%emt 0:01:36]} Nd6 {[%emt 0:06:18]} 17. Nxd6 {[%emt 0:07:46]} exd6 {[%emt 0:00:23]} 18. Bxd6 {[%emt 0:00:28]} Rd8 {[%emt 0:09:36]} 19. Bg3 {[%emt 0:03:23]} Rxd4 {[%emt 0:15:58]} 20. c3 {[%emt 0:02:13]} Rd5 {[%emt 0:00:29]} 21. Rhe1 {[%emt 0:04:06]} Kf7 {[%emt 0:00:28]} 22. Re4 {[%emt 0:02:19]} Bh6+ {[%emt 0:06:31]} 23. Kc2 {[%emt 0:00:29]} Rxd1 {[%emt 0:00:33]} 24. Kxd1 {[%emt 0:00:06]} Rd3+ {[%emt 0:00:16]} 25. Kc2 {[%emt 0:03:08]} Rd2+ {[%emt 0:00:48]} 26. Kb3 {[%emt 0:00:16]} Bg5 {[%emt 0:00:21]} 27. Rc4 {[%emt 0:03:57]} Rd7 {[%emt 0:02:21]} 28. a4 {[%emt 0:02:51]} h5 {[%emt 0:02:17]} 29. a5 {[%emt 0:05:25]} Bd8 {[%emt 0:02:03]} 30. Ka4 {[%emt 0:00:34]} g5 {[%emt 0:04:40]} 31. Bb8 {[%emt 0:02:25]} b5+ {[%emt 0:04:43]} 32. Kxb5 {[%emt 0:07:52]} Rb7+ {[%emt 0:00:42]} 33. Ka6 {[%emt 0:00:01]} Rxb8 {[%emt 0:00:07]} 34. b4 {[%emt 0:00:04]} Bf6 {[%emt 0:04:38]} 35. Kxa7 {[%emt 0:00:47]} Rd8 {[%emt 0:00:05]} 36. b5 {[%emt 0:01:00]} Rd7+ {[%emt 0:03:10]} 37. Ka6 {[%emt 0:00:32]} Rd3 {[%emt 0:00:43]} 38. b6 {[%emt 0:00:57]} Bxc3 {[%emt 0:10:17]} 39. Rc7+ {[%emt 0:00:28]} Kf6 {[%emt 0:04:13]} 40. b7 {[%emt 0:00:34]} Bxa5 {[%emt 0:00:09]} 41. Kxa5 {[%emt 0:16:04]} Rb3 {[%emt 0:00:15]} 42. Ka6 {[%emt 0:00:59]} Rxh3 {[%emt 0:03:05]} 43. Rc5 {[%emt 0:01:32]} 1-0